00576nam a2200205Ia 450000500170000000800460001703700110006304000080007404000080008204000080009004100080009804100080010608400080011410000390012224501270016126000090028830000100029765000080030770000550031520260430150349.0008 250103s9999 xx 000 0 eng d aTheses aCRL beng ceng 2eng aeng qCRL aSharma Saket Au.; Mittal Raman Gu. 0aInterface Between Competition law and intellectual property rights: A Comparative Study with Reference to India, Eu and US c2023 a231p. aLaw aUniversity of Delhi. Faculty of Arts. Deptt.of Law